000
00293nam a2200133Ia 4500
100
_a
Bajaj/ N.K.
942
_c
BK
654
_a
Physics
245
_a
Physics of waves & oscillations. The
260
_b
Tata Mc Graw hill
_a
New Delhi
_c
1989
300
_a
432
546
_a
ENGLISH
999
_c
20296
_d
20296